| 000 | 00488nam a2200157 a 4500 | ||
|---|---|---|---|
| 005 | 20251230113013.0 | ||
| 008 | 251230s2025##################000#0#eng## | ||
| 020 | _a9781461484493 | ||
| 082 | 0 | 4 |
_a617 _bBEC |
| 100 | _aBeck ,David E. | ||
| 245 | 1 | 0 |
_aThe ASCRS Manual of Colon and Rectal Surgery _cDavid E. Beck (Editor), Steven D. Wexner (Editor), Tracy L. Hull (Editor), Patricia L. Roberts |
| 250 | _a2nd | ||
| 260 |
_bSpringer Nature _c2014 |
||
| 300 | _a1005 pages | ||
| 942 | _cREF | ||
| 999 |
_c605949 _d605949 |
||